000 00909nam a2200253Ia 4500
003 OSt
005 20220918171434.0
006 a|||||r|||| 00| 0
007 ta
008 220917b |||||||| |||| 00| 0 eng d
020 _a9781783304059 (pbk)
_cUKP 50.00
024 _a355,094
037 _b30001/21-22, 29/12/2021, Shankar's Book Agency Pvt. Ltd.
_cTextual
040 _aARTS
_cARTS
_beng
041 _2eng
_aeng
082 _a2:55(D65,8(2:55)), R1(2D)
100 _aLloyd Annemaree Au.
_936551
245 0 _aQualitative landscape of information literacy research
_b perspective methods and techniques
260 _aLondon
_bFacet Publishing UK
_c2020
300 _axxiii,151p.
_ccm.
650 _aLIBRARY SCIENCE
942 _h2:55(D65,8(2:55)), R1(2D)
_cTEXL
_2CC
999 _c139554
_d139554